000 00768nam a2200265Ia 4500
003 OSt
005 20220925173229.0
006 a|||||r|||| 00| 0
007 ta
008 220923b |||||||| |||| 00| 0 eng d
020 _a0534929761
037 _cGeneral Book
040 _aRTL
_cRTL
_beng
041 _2eng
_aeng
082 _aX9:51-8, L6;N2
100 _aHaas Robert W
_9243353
245 0 _aBusiness marketing management
_b An organizational
250 _a5th
260 _aBostan
_bP W S-Kent
_c1992
300 _axi, 899p. Glossary p 874-85
_ccm.
500 _aPublished Previously as Industrial Marketing Management
650 _aTrade
942 _hX9:51-8, L6;N2
_cGB
_2CC
999 _c487453
_d487453